| 000 | 00766nam a2200253Ia 4500 | ||
|---|---|---|---|
| 003 | OSt | ||
| 005 | 20221005022119.0 | ||
| 006 | a|||||r|||| 00| 0 | ||
| 007 | ta | ||
| 008 | 221004b |||||||| |||| 00| 0 ara d | ||
| 020 | _c650.00 | ||
| 024 | _a3777 | ||
| 037 |
_b410, 06/11/2012, Nadwi Publications _cTextual |
||
| 040 |
_aCRL _cCRL _bara |
||
| 041 |
_2ara _aara |
||
| 082 | _aO28,1:g(P28), P6 | ||
| 100 |
_aAbu Shawarib Md. Mustafa Au. _9577781 |
||
| 245 | 0 | _aQatuf balaghiah | |
| 260 |
_aAlexandira _bDar Al - Wafai Dunia Al - Tabaah _c2006 |
||
| 300 |
_a239p. _ccm. |
||
| 650 | _aARABIC POETRY | ||
| 942 |
_hO28,1:g(P28), P6 _cTEXL _2cc |
||
| 999 |
_c928659 _d928659 |
||